| 000 | 00700nam a2200205 a 4500 | ||
|---|---|---|---|
| 001 | 000035897 | ||
| 005 | 20200930074713.0 | ||
| 008 | 111115s1972 fr 000 0 fre d | ||
| 040 |
_aDO-SdBNP _bspa _cBNPHU |
||
| 082 |
_axxx _bF263b |
||
| 100 | 1 |
_aFaulkner, William, _d1897-1962 _99781 |
|
| 240 | 1 | 0 |
_aThe sound and the fury _lespañol |
| 245 | 1 | 0 |
_aLe bruit et la fureur / _cWilliam Faulkner ; traduit de l´américain Maurice Edgar Coindreau. |
| 260 |
_aFrance : _bGallimard, _c1972. |
||
| 300 |
_a378 p. ; _c18 cm. |
||
| 490 | 1 | _aFolio | |
| 590 | _aPerteneció a la biblioteca personal de Juan Isidro Jimenes Grullón | ||
| 700 | 1 |
_aCoindreau, Maurice Edgar, _etr. _961893 |
|
| 830 | 0 |
_aFolio _94233 |
|
| 999 |
_c35388 _d35388 |
||